00346nmm a22001337a 450000500170000000800410001704100080005808200110006610000250007724500650010226000090016765000150017665000210019120220620085320.0150728b xxu||||| |||| 00| 0 spa d aspa aMD 224 aLeiva Araya, Fabiola aInforme de Práctica Supervisada realizado en Caribe Dental c2014 aCOSTA RICA aPRÓTESIS TOTAL